| 000 | 01143nam a2200241Ia 4500 | ||
|---|---|---|---|
| 003 | Ost | ||
| 005 | 20260507075411.0 | ||
| 008 | 260507s9999||||xx |||||||||||||| ||und|| | ||
| 020 | _a6049379977 | ||
| 040 | _cfsecg | ||
| 041 | _aara | ||
| 082 | _a330 | ||
| 100 |
_aإبراهيم، خالد ممدوح _eمؤلف |
||
| 245 | 0 |
_aلوجيستيات التجارة الإلكترونية / _c خالد ممدوح إبراهيم |
|
| 260 |
_aالإسكندرية: _bدار الفكر الجامعي, _c2008 |
||
| 300 |
_a451 صفحة؛ _bإيضاحات ؛ _c25 سم |
||
| 520 | _aيضم أعمال اللوجستيات، الأنترنت والتجارة الإلكترونية، لوجستيات الشراء عبر البريد الإلكتروني، تنظيم العقود اللوجستية في البيئة الإلكترونية، التسويق الإلكتروني، أعمال اللوجستيات في نطاق الحكومية الإلكترونية | ||
| 653 | _aالبرمجة الآلية | ||
| 653 | _aالتجارة | ||
| 653 | _aالتجارة الإلكترونية | ||
| 653 | _aالحاسوب | ||
| 942 | _cكتاب | ||
| 999 |
_c44404 _d44404 |
||